Statistiques concernant Les Chansons de l'Eurovision 2021 par lettre

Cliquez ici pour prendre le quiz!

Statistiques générales

  • Ce quiz a été pris 51 fois
  • Le résultat moyen est 14 sur 20

Statistiques - réponses

LettreChansons% Correct
VVoices / Voilà / Voy a quedarme
93%
SSet me free / Shum / Sugar
83%
TTechnicolour / Tick-tock / The lucky one / The moon is rising / The ride / The wrong place / Tout l'univers
83%
EEl diablo / Embers
78%
DDark side / Discoteque
76%
FFallen angel
76%
II don't feel hate
76%
MMaps / Mata Hari
76%
AAdrenalina / Amnesia / Amen (x2)
73%
LLast dance / Loco Loco / Love is on my side
73%
RRussian woman
71%
ZZitti e buoni
71%
JJe me casse
68%
#10 years
66%
GGrowing up is getting old
59%
KKarma
59%
YYou
59%
BBirth of a new age
51%
OOmaga / Øve os på hinanden
51%
HHere I stand
32%

Distribution des résultats

Percentile par nombre de réponses

% des personnes avec chaque résultat

Votre développement - résultats

Vous n’avez pas pris ce quiz